PS Quarterly. (Record no. 200459835)
[ view plain ]
| 000 -LEADER | |
|---|---|
| fixed length control field | 00874cas a2200289 i 4500 |
| 001 - CONTROL NUMBER | |
| control field | 200459835 |
| 003 - CONTROL NUMBER IDENTIFIER | |
| control field | TR-AnTOB |
| 005 - DATE AND TIME OF LATEST TRANSACTION | |
| control field | 20241219141622.0 |
| 007 - PHYSICAL DESCRIPTION FIXED FIELD--GENERAL INFORMATION | |
| fixed length control field | ta |
| 008 - FIXED-LENGTH DATA ELEMENTS--GENERAL INFORMATION | |
| fixed length control field | 240326c20229999engqr|p ||| 00| 0 tur d |
| 040 ## - CATALOGING SOURCE | |
| Original cataloging agency | TR-AnTOB |
| Language of cataloging | eng |
| Description conventions | rda |
| Transcribing agency | TR-AnTOB |
| 041 0# - LANGUAGE CODE | |
| Language code of text/sound track or separate title | İngilizce |
| 050 1# - LIBRARY OF CONGRESS CALL NUMBER | |
| Classification number | Q80.T8 |
| 099 ## - LOCAL FREE-TEXT CALL NUMBER (OCLC) | |
| Classification number | JOURNAL PS QUA |
| 222 00 - KEY TITLE | |
| Key title | PS Quarterly |
| 245 00 - TITLE STATEMENT | |
| Title | PS Quarterly. |
| 264 #1 - PRODUCTION, PUBLICATION, DISTRIBUTION, MANUFACTURE, AND COPYRIGHT NOTICE | |
| Place of production, publication, distribution, manufacture | [Place of publication not identified] : |
| Name of producer, publisher, distributor, manufacturer | Project Syndicate, |
| Date of production, publication, distribution, manufacture, or copyright notice | 2022- |
| 300 ## - PHYSICAL DESCRIPTION | |
| Extent | volumes : |
| Other physical details | illustrations, tables ; |
| Dimensions | 31 cm |
| 336 ## - CONTENT TYPE | |
| Source | rdacontent |
| Content type term | text |
| Content type code | txt |
| 337 ## - MEDIA TYPE | |
| Source | rdamedia |
| Media type term | unmediated |
| Media type code | n |
| 338 ## - CARRIER TYPE | |
| Source | rdacarrier |
| Carrier type term | volume |
| Carrier type code | nc |
| 650 #7 - SUBJECT ADDED ENTRY--TOPICAL TERM | |
| Topical term or geographic name entry element | Bilim |
| Form subdivision | Süreli yayınlar |
| 9 (RLIN) | 68363 |
| Topical term or geographic name entry element | Sosyal bilimler |
| Form subdivision | Süreli yayınlar |
| Source of heading or term | etuturkob |
| 9 (RLIN) | 93212 |
| 856 ## - ELECTRONIC LOCATION AND ACCESS | |
| Uniform Resource Identifier | <a href="https://magazines1.project-syndicate.org/issues">https://magazines1.project-syndicate.org/issues</a> |
| 942 ## - ADDED ENTRY ELEMENTS (KOHA) | |
| Source of classification or shelving scheme | Library of Congress Classification |
| Koha item type | Continuing Resource |
| Serial record | 1 |
No items available.
